000 00322nam a22001217a 4500
082 _a220 PRO
100 _aAHMED,ASAD,ZAKAULLAH,WASEEM
_972386
245 _aPR-SOF-1069-IMPLEMENTED ON NETFPGA
260 _aISLAMABAD
_bNUST COLLEGE OF EME
_c2011
650 _aDE-COMP-29
700 _aDR SHOAB A KHAN
_918474
942 _cCR
999 _c578442
_d578442